000 00531nam a2200193Ia 4500
001 73054
008 160622s9999||||xx |||||||||||||| ||und||
020 _a9781118273203
040 _cPK-LaUMT
082 _a 614.1
_bFOR-
100 _aFanetti, Matthew
245 _aForensic child psychology
_bworking in the courts and clinic/
_cFanetti, Matthew|[et al, ]
260 _aHoboken,USA:
_bJohn Wiley & Sons Inc.,
_c2015
300 _a339 p.
546 _aEN
650 _aForensic psychology
700 _a[et al, ]
942 _cBK
999 _c86163
_d86163